000 00897nam0a2200277 4500
001 RU\NLR\BIBL_A\012887701
005 20250624213641.0
010 _98000
035 _a(NLR Aleph) 012887701
090 _a13311595
_c13311595
100 _a20220913d1955 |||y0rusy50 ca
101 0 _aaze
102 _aAZ
105 _ay z 000 y
181 0 _ai
_baxxe
182 0 _an
200 1 _aДини мөвһумат вә хурафатын зәрәри һаггында
_fД. Сидоров
203 _aТекст
_bвизуальный
_cнепосредственный
210 _aБакы
_cУшагҝәнҹнәшр
_d1955
215 _a55, [1] с.
_d17
541 1 _aО вреде религиозных суеверий и предрассудков
_zrus
700 1 _aСидоров
_bД.
_4070
852 _aNLR
_bОНЛ
_jАзерб./2-7679
942 _cBOOK
980 _aNB